| 000 | 00488nam a2200169Ia 4500 | ||
|---|---|---|---|
| 005 | 20250326130614.0 | ||
| 008 | 250326s9999 xx 000 0 und d | ||
| 037 | _aTextbook | ||
| 040 |
_aFMSL _beng _cFMSL |
||
| 041 |
_aeng _2eng |
||
| 084 |
_aX:74 Q1.2 _qFMSL |
||
| 100 | _aMaritan C A | ||
| 245 | 0 |
_aCompetitive strategy _cMaritan C A; Peteraf M A |
|
| 260 |
_aUnited Kingdom _bUnited Kingdom, Edward Elgar _c2011 |
||
| 942 |
_cTB _hX:74 Q1.2 |
||
| 999 |
_c1283283 _d1283283 |
||